书目信息 |
| 题名: |
一八七五年哥达合并代表大会
|
|
| 作者: | 埃里希·昆德尔 著 ;北京外国语学院东欧语系德语专业第一届工农兵学员 译 | |
| 分册: | ||
| 出版信息: | 北京 三联书店 1976 |
|
| 页数: | 261页 | |
| 开本: | 20cm | |
| 丛书名: | ||
| 单 册: | ||
| 中图分类: | A124 | |
| 科图分类: | ||
| 主题词: | 马恩著作--单行本 | |
| 电子资源: | ||
| ISBN: | ||
| 000 | 00880nam0 2200193 450 | |
| 001 | 0629696562 | |
| 005 | 20060802081703.06 | |
| 010 | @dCNY0.80 | |
| 100 | @a20060802d1976 km y0chiy0120 ea | |
| 101 | 0 | @achi@cger |
| 200 | 1 | @a一八七五年哥达合并代表大会@Ayi ba qi wu nian ge da he bing dai biao da hui@f(东德)埃里希·昆德尔著@F(dong de)ai li xi·kun de er zhu@g北京外国语学院东欧语系德语专业第一届工农兵学员译@Gbei jing wai guo yu xue yuan dong ou yu xi de yu zhuan ye di yi jie gong nong bing xue yuan yi |
| 210 | @a北京@c三联书店@d1976 | |
| 215 | @a261页@d20cm | |
| 606 | 0 | @a马恩著作@x单行本 |
| 690 | @aA124@v3 | |
| 701 | 0 | @a埃里希·昆德尔@Aai li xi·kun de er@4著 |
| 702 | 0 | @a北京外国语学院东欧语系德语专业第一届工农兵学员@Abei jing wai guo yu xue yuan dong ou yu xi de yu zhuan ye di yi jie gong nong bing xue yuan@4译 |
| 801 | 0 | @aCN@bPFT@c20060802 |
| 905 | @a10447@dA124@e34 | |
| 一八七五年哥达合并代表大会/(东德)埃里希·昆德尔著/北京外国语学院东欧语系德语专业第一届工农兵学员译.-北京:三联书店,1976 |
| 261页;20cm |
| ISBN :CNY0.80 |
| ● |
| 相关链接 |
|
|
|
|
正题名:一八七五年哥达合并代表大会
索取号:A124/34
 
预约/预借
| 序号 | 登录号 | 条形码 | 馆藏地/架位号 | 状态 | 备注 |
| 1 | 0441578 | 204415784 | 密集书库/ [索取号:A124/34] | 在馆 |